| 000 | 00492nam a2200181Ia 4500 | ||
|---|---|---|---|
| 008 | 191130s2003##################000#0#eng## | ||
| 020 | _a9780805211313 | ||
| 040 |
_aACL _cACL |
||
| 082 | _a296.445092 GOL | ||
| 100 | _aGoldman, Ari L | ||
| 245 |
_aLiving a year of Kaddish: a memoir _cAri L Goldman |
||
| 260 |
_aNew York _bSchocken Books _cc2003 |
||
| 300 | _a214 p. ; 23 cm | ||
| 650 | _aReligion | ||
| 990 | _ae3af7da2ac10000c0f0c7b15505642d1 | ||
| 991 | _a245999 | ||
| 999 |
_c234409 _d234409 |
||